[Event "European zonal 2 group A"]
[Site "Luzern SUI"]
[Date "1979.05.22"]
[Round "2"]
[White "Huebner, Robert"]
[Black "Hammer, Peter"]
[Result "1-0"]
[WhiteElo "2595"]
[BlackElo "2350"]
[EventDate "1979.05.21"]
[WhiteFideId "-1"]
[BlackFideId "-1"]
[PlyCount "57"]
[Beauty "8247813603337"]
[GameId "272191928332"]
[EventType "tourn"]
[EventRounds "11"]
[EventCountry "SUI"]
[EventCategory "8"]
[SourceTitle "EXT 1999"]
[Source "ChessBase"]
[SourceDate "1998.11.16"]
[SourceVersion "1"]
[SourceVersionDate "1998.11.16"]
[SourceQuality "1"]

1.e4 Nf6 2.e5 Nd5 3.Nc3 Nxc3 4.dxc3 d6 5.Bc4 c6 6.Bf4 d5 7.Bd3 g6 8.h4 Bg7
9.Qe2 Na6 10.h5 Nc5 11.O-O-O Nxd3+ 12.Rxd3 Qa5 13.a3 Bf5 14.Rd2 gxh5 15.
Qxh5 Bg6 16.Qh4 Qa4 17.Ne2 Rd8 18.Qg3 c5 19.Bh6 Bxh6 20.Rxh6 Qe4 21.Rh4 
Qf5 22.Qe3 Qc8 23.Nf4 d4 24.cxd4 cxd4 25.Qb3 Be4 26.e6 f6 27.f3 Bc6 28.Ng6
Bd5 29.Qb5+ 1-0

[Event "European zonal 2 group A"]
[Site "Luzern SUI"]
[Date "1979.05.24"]
[Round "4"]
[White "Hamann, Svend"]
[Black "Soos, Bela"]
[Result "0-1"]
[WhiteElo "2470"]
[BlackElo "2425"]
[EventDate "1979.05.21"]
[WhiteFideId "-1"]
[BlackFideId "-1"]
[PlyCount "80"]
[Beauty "7629338322447"]
[GameId "272191928340"]
[EventType "tourn"]
[EventRounds "11"]
[EventCountry "SUI"]
[EventCategory "8"]
[SourceTitle "EXT 1999"]
[Source "ChessBase"]
[SourceDate "1998.11.16"]
[SourceVersion "1"]
[SourceVersionDate "1998.11.16"]
[SourceQuality "1"]

1.d4 Nf6 2.c4 c5 3.d5 g6 4.Nc3 Bg7 5.e4 d6 6.Be2 O-O 7.Nf3 e6 8.O-O exd5 
9.cxd5 a6 10.a4 Bg4 11.Bg5 Bxf3 12.Bxf3 Nbd7 13.a5 Re8 14.Re1 Qc7 15.Qc2 
c4 16.Ra4 b5 17.axb6 Nxb6 18.Raa1 Nfd7 19.Be2 Nc5 20.Bf1 Nb3 21.Rad1 Nd4 
22.Qd2 Rab8 23.Bh6 Nb3 24.Qf4 Bh8 25.Re3 Nd7 26.Rh3 Nbc5 27.Qh4 Bf6 28.Bg5
Bxg5 29.Qxg5 Nxe4 30.Qh4 Nef6 31.Rd4 Re1 32.Rxc4 Qa5 33.Ra4 Qb6 34.b4 h5 
35.Rd3 Rbe8 36.Rd1 Rxd1 37.Nxd1 Re1 38.Ne3 Ng4 39.h3 Nxe3 40.fxe3 Rxf1+ 
0-1

[Event "European zonal 2 group A"]
[Site "Luzern SUI"]
[Date "1979.05.24"]
[Round "4"]
[White "Huebner, Robert"]
[Black "Petursson, Margeir"]
[Result "1-0"]
[WhiteElo "2595"]
[BlackElo "2350"]
[EventDate "1979.05.21"]
[WhiteFideId "-1"]
[BlackFideId "-1"]
[PlyCount "116"]
[Beauty "6461912515079"]
[GameId "272191928342"]
[EventType "tourn"]
[EventRounds "11"]
[EventCountry "SUI"]
[EventCategory "8"]
[SourceTitle "EXT 1999"]
[Source "ChessBase"]
[SourceDate "1998.11.16"]
[SourceVersion "1"]
[SourceVersionDate "1998.11.16"]
[SourceQuality "1"]

1.g3 c5 2.Bg2 Nc6 3.e4 g6 4.Ne2 Bg7 5.O-O d6 6.c3 e5 7.Na3 Nge7 8.Nc2 O-O 
9.d4 cxd4 10.cxd4 exd4 11.Ncxd4 d5 12.Nxc6 bxc6 13.Qc2 dxe4 14.Bxe4 Bf5 
15.Bg5 Bxe4 16.Qxe4 Re8 17.Nc3 Qd4 18.Qxd4 Bxd4 19.Rfd1 Bg7 20.Rd7 Nd5 21.
Nxd5 cxd5 22.Rc1 Bxb2 23.Rcc7 Be5 24.Rb7 Reb8 25.Rxf7 Rxb7 26.Rxb7 Bg7 27.
Rd7 d4 28.Kf1 a6 29.Ke2 Re8+ 30.Kd3 Re6 31.Rb7 h6 32.Bd8 Rc6 33.Rc7 Re6 
34.Be7 Re1 35.Ra7 g5 36.Bb4 Rb1 37.Bd2 Rb6 38.Bc1 Rf6 39.f4 gxf4 40.Bxf4 
Rc6 41.a4 Rc3+ 42.Ke4 Rc2 43.h3 Rc6 44.Kd5 Rf6 45.Kc4 Rc6+ 46.Kb4 h5 47.h4
Re6 48.Rd7 Kh7 49.Rd5 Bf6 50.Rxh5+ Kg7 51.Kc4 Re2 52.Ra5 Rc2+ 53.Kd3 Rc6 
54.Rd5 Kf7 55.Rd6 Rxd6 56.Bxd6 Ke6 57.Bc5 Kd5 58.Ba7 Be5 1-0

[Event "European zonal 2 group A"]
[Site "Luzern SUI"]
[Date "1979.05.26"]
[Round "6"]
[White "Hoen, Ragnar"]
[Black "Wirthensohn, Heinz"]
[Result "0-1"]
[WhiteElo "2380"]
[BlackElo "2410"]
[EventDate "1979.05.21"]
[WhiteFideId "-1"]
[BlackFideId "-1"]
[PlyCount "50"]
[Beauty "8246605647879"]
[GameId "272191928351"]
[EventType "tourn"]
[EventRounds "11"]
[EventCountry "SUI"]
[EventCategory "8"]
[SourceTitle "EXT 1999"]
[Source "ChessBase"]
[SourceDate "1998.11.16"]
[SourceVersion "1"]
[SourceVersionDate "1998.11.16"]
[SourceQuality "1"]

1.e4 c5 2.Nf3 e6 3.d4 cxd4 4.Nxd4 Nf6 5.Nc3 Nc6 6.g3 Bb4 7.Bg2 d5 8.O-O 
Bxc3 9.bxc3 Nxe4 10.Bxe4 dxe4 11.Ba3 Nxd4 12.cxd4 Qa5 13.Qc1 Bd7 14.Rb1 
Bc6 15.c4 f6 16.Rd1 Rd8 17.Qe3 Kf7 18.Rd2 Rd7 19.Bc5 Rhd8 20.Bb4 Qb6 21.c5
Qb5 22.Rbb2 Qc4 23.Bc3 e5 24.Rb4 exd4 25.Rxd4 Rxd4 0-1

[Event "European zonal 2 group A"]
[Site "Luzern SUI"]
[Date "1979.05.27"]
[Round "7"]
[White "Wirthensohn, Heinz"]
[Black "Kagan, Shimon"]
[Result "1-0"]
[WhiteElo "2410"]
[BlackElo "2465"]
[EventDate "1979.05.21"]
[WhiteFideId "-1"]
[BlackFideId "-1"]
[PlyCount "75"]
[Beauty "7836167832070"]
[GameId "272191928359"]
[EventType "tourn"]
[EventRounds "11"]
[EventCountry "SUI"]
[EventCategory "8"]
[SourceTitle "EXT 1999"]
[Source "ChessBase"]
[SourceDate "1998.11.16"]
[SourceVersion "1"]
[SourceVersionDate "1998.11.16"]
[SourceQuality "1"]

1.Nf3 g6 2.d4 Bg7 3.e4 d6 4.Nc3 c6 5.a4 a5 6.Bc4 Nf6 7.Bb3 O-O 8.O-O Bg4 
9.h3 Bxf3 10.Qxf3 Nbd7 11.Qe2 e5 12.dxe5 dxe5 13.Be3 Qe7 14.Qc4 Qb4 15.
Rfd1 Qxc4 16.Bxc4 Rfe8 17.g4 h6 18.Rd2 Bf8 19.Rad1 Nc5 20.f3 Ne6 21.Bxe6 
Rxe6 22.Rd8 Re8 23.Rxa8 Rxa8 24.Kf1 Kg7 25.Bb6 Bb4 26.Na2 Nh7 27.Rd7 Ng5 
28.Kg2 Be1 29.Nc1 Ne6 30.Nd3 Nf4+ 31.Nxf4 exf4 32.Rxb7 g5 33.Rc7 c5 34.
Rxc5 f6 35.Rc7+ Kg6 36.Rc6 Bd2 37.Bd4 Be3 38.Rxf6+ 1-0

[Event "European zonal 2 group A"]
[Site "Luzern SUI"]
[Date "1979.05.28"]
[Round "8"]
[White "Kagan, Shimon"]
[Black "Huebner, Robert"]
[Result "1-0"]
[WhiteElo "2465"]
[BlackElo "2595"]
[EventDate "1979.05.21"]
[WhiteFideId "-1"]
[BlackFideId "-1"]
[PlyCount "111"]
[Beauty "6668876282443"]
[GameId "272191928362"]
[EventType "tourn"]
[EventRounds "11"]
[EventCountry "SUI"]
[EventCategory "8"]
[SourceTitle "EXT 1999"]
[Source "ChessBase"]
[SourceDate "1998.11.16"]
[SourceVersion "1"]
[SourceVersionDate "1998.11.16"]
[SourceQuality "1"]

1.e4 c6 2.d4 d5 3.Nd2 dxe4 4.Nxe4 Bf5 5.Ng3 Bg6 6.Nf3 Nd7 7.Bc4 Ngf6 8.O-O
e6 9.Re1 Be7 10.a4 O-O 11.c3 c5 12.a5 Qc7 13.Qe2 Rfe8 14.a6 Bf8 15.Bb5 
Reb8 16.Bg5 Nd5 17.Ne5 Nxe5 18.dxe5 Qb6 19.Bc1 bxa6 20.Bxa6 Rd8 21.h4 h6 
22.h5 Bh7 23.Ne4 Qc7 24.f4 Nb6 25.Bd3 c4 26.Bc2 Rd7 27.Qf2 Nd5 28.Kh1 Qb6 
29.Qe2 Qd8 30.g3 Rc8 31.Kh2 Rb7 32.Rd1 Rc6 33.Rd4 Rbc7 34.Ra5 Kh8 35.Ra4 
Qc8 36.g4 Nb6 37.Ra5 Rd7 38.Rxd7 Qxd7 39.g5 hxg5 40.Nxg5 Bf5 41.Be4 Rc5 
42.Ra6 Rc7 43.Kg3 Kg8 44.Bxf5 exf5 45.Be3 Rc6 46.Bd4 Be7 47.Nf3 Qb7 48.Ra1
Rh6 49.Nd2 g6 50.e6 Rxh5 51.exf7+ Kxf7 52.Nf3 Bd6 53.Ne5+ Kg8 54.Bxb6 axb6
55.Qxc4+ Kf8 56.Ra8+ 1-0

[Event "European zonal 2 group A"]
[Site "Luzern SUI"]
[Date "1979.05.28"]
[Round "8"]
[White "Wedberg, Tom"]
[Black "Sigurjonsson, Gudmundur"]
[Result "1-0"]
[WhiteElo "2370"]
[BlackElo "2500"]
[EventDate "1979.05.21"]
[WhiteFideId "-1"]
[BlackFideId "-1"]
[PlyCount "73"]
[Beauty "7903947787788"]
[GameId "272191928364"]
[EventType "tourn"]
[EventRounds "11"]
[EventCountry "SUI"]
[EventCategory "8"]
[SourceTitle "EXT 1999"]
[Source "ChessBase"]
[SourceDate "1998.11.16"]
[SourceVersion "1"]
[SourceVersionDate "1998.11.16"]
[SourceQuality "1"]

1.e4 c5 2.Nf3 d6 3.d4 cxd4 4.Nxd4 Nf6 5.Nc3 a6 6.Bg5 e6 7.f4 Be7 8.Qf3 h6 
9.Bh4 Qa5 10.O-O-O Qh5 11.Qxh5 Nxh5 12.Bxe7 Kxe7 13.g3 b5 14.Bg2 Ra7 15.e5
dxe5 16.fxe5 Rd8 17.Ne4 Bb7 18.Rhf1 f5 19.Nxf5+ exf5 20.Rxd8 Kxd8 21.Rxf5 
g5 22.Rf8+ Kc7 23.Rf7+ Kb6 24.Nd6 Bxg2 25.Nc8+ Kc5 26.Nxa7 Bd5 27.Rh7 Kd4 
28.Rxh6 Ng7 29.Rh8 Nd7 30.Rh7 Nxe5 31.Rxg7 g4 32.Nc8 Be6 33.Ne7 Nf3 34.Rg6
Ke5 35.Rh6 Bd7 36.Kd1 a5 37.Nc6+ 1-0

[Event "European zonal 2 group A"]
[Site "Luzern SUI"]
[Date "1979.05.29"]
[Round "9"]
[White "Huebner, Robert"]
[Black "Hamann, Svend"]
[Result "1-0"]
[WhiteElo "2595"]
[BlackElo "2470"]
[EventDate "1979.05.21"]
[WhiteFideId "-1"]
[BlackFideId "-1"]
[PlyCount "61"]
[Beauty "8247008296981"]
[GameId "272191928366"]
[EventType "tourn"]
[EventRounds "11"]
[EventCountry "SUI"]
[EventCategory "8"]
[SourceTitle "EXT 1999"]
[Source "ChessBase"]
[SourceDate "1998.11.16"]
[SourceVersion "1"]
[SourceVersionDate "1998.11.16"]
[SourceQuality "1"]

1.c4 e5 2.Nc3 Nf6 3.Nf3 Nc6 4.d3 Bb4 5.Bd2 O-O 6.e3 Re8 7.a3 Bxc3 8.Bxc3 
d5 9.cxd5 Nxd5 10.Be2 Nxc3 11.bxc3 e4 12.dxe4 Rxe4 13.Nd4 Ne5 14.O-O Nd7 
15.a4 Re8 16.a5 a6 17.Qb1 Qf6 18.Rd1 g6 19.Ra2 Kg7 20.Rad2 Nc5 21.Bf3 Qe5 
22.Qb4 Ne4 23.Bxe4 c5 24.Qa3 Qxe4 25.Qxc5 Re5 26.Qb6 Rg5 27.f4 Rd5 28.c4 
Rh5 29.Re1 Bd7 30.Ne2 Qe7 31.Ng3 1-0

[Event "European zonal 2 group A"]
[Site "Luzern SUI"]
[Date "1979.05.29"]
[Round "9"]
[White "Wirthensohn, Heinz"]
[Black "Hurme, Harri"]
[Result "1-0"]
[WhiteElo "2410"]
[BlackElo "2320"]
[EventDate "1979.05.21"]
[WhiteFideId "-1"]
[BlackFideId "-1"]
[PlyCount "65"]
[Beauty "8182181134365"]
[GameId "272191928369"]
[EventType "tourn"]
[EventRounds "11"]
[EventCountry "SUI"]
[EventCategory "8"]
[SourceTitle "EXT 1999"]
[Source "ChessBase"]
[SourceDate "1998.11.16"]
[SourceVersion "1"]
[SourceVersionDate "1998.11.16"]
[SourceQuality "1"]

1.Nf3 d5 2.c4 e6 3.d4 Nf6 4.Bg5 Be7 5.Nc3 O-O 6.e3 c6 7.Qc2 Nbd7 8.Rd1 b6 
9.Bd3 Bb7 10.O-O h6 11.Bh4 Ne8 12.Bg3 Nd6 13.Ne5 Rc8 14.Nxd7 Qxd7 15.c5 
Nc4 16.Bxc4 dxc4 17.Ne4 b5 18.Bd6 Rcd8 19.b3 cxb3 20.axb3 Ra8 21.Ra1 f6 
22.f4 Rf7 23.Bxe7 Rxe7 24.Nd6 Bc8 25.b4 Qc7 26.Ra5 e5 27.dxe5 fxe5 28.f5 
Qd8 29.f6 gxf6 30.Rxf6 Rg7 31.Rxh6 Be6 32.Rxe6 Qh4 33.Ra1 1-0

[Event "European zonal 2 group A"]
[Site "Luzern SUI"]
[Date "1979.05.31"]
[Round "11"]
[White "Huebner, Robert"]
[Black "Wedberg, Tom"]
[Result "1-0"]
[WhiteElo "2595"]
[BlackElo "2370"]
[EventDate "1979.05.21"]
[WhiteFideId "-1"]
[BlackFideId "-1"]
[PlyCount "71"]
[Beauty "7976869983785"]
[GameId "272191928376"]
[EventType "tourn"]
[EventRounds "11"]
[EventCountry "SUI"]
[EventCategory "8"]
[SourceTitle "EXT 1999"]
[Source "ChessBase"]
[SourceDate "1998.11.16"]
[SourceVersion "1"]
[SourceVersionDate "1998.11.16"]
[SourceQuality "1"]

1.c4 c5 2.Nf3 Nc6 3.d4 cxd4 4.Nxd4 e6 5.Nb5 a6 6.Nd6+ Bxd6 7.Qxd6 Nge7 8.
Nc3 O-O 9.b3 b5 10.e4 f5 11.cxb5 axb5 12.Bxb5 fxe4 13.O-O Nf5 14.Qd1 Ncd4 
15.a4 Bb7 16.Be3 Nf3+ 17.Kh1 Qc7 18.gxf3 Nxe3 19.fxe3 exf3 20.Rf2 Qxc3 21.
Bxd7 Rad8 22.Qd4 Qc7 23.Bxe6+ Kh8 24.Qb2 Rde8 25.Rc1 Qe7 26.Rg1 Rf6 27.Bc4
Qxe3 28.a5 Rd8 29.a6 Ba8 30.b4 Qd2 31.Qxd2 Rxd2 32.Rxd2 f2+ 33.Bd5 fxg1=Q+
34.Kxg1 Rxa6 35.Be4 Ra1+ 36.Kf2 1-0

[Event "European zonal 2 group A"]
[Site "Luzern SUI"]
[Date "1979.05.31"]
[Round "11"]
[White "Kagan, Shimon"]
[Black "Hamann, Svend"]
[Result "1-0"]
[WhiteElo "2465"]
[BlackElo "2470"]
[EventDate "1979.05.21"]
[WhiteFideId "-1"]
[BlackFideId "-1"]
[PlyCount "119"]
[Beauty "6391985078280"]
[GameId "272191928377"]
[EventType "tourn"]
[EventRounds "11"]
[EventCountry "SUI"]
[EventCategory "8"]
[SourceTitle "EXT 1999"]
[Source "ChessBase"]
[SourceDate "1998.11.16"]
[SourceVersion "1"]
[SourceVersionDate "1998.11.16"]
[SourceQuality "1"]

1.e4 c5 2.Nf3 d6 3.d4 cxd4 4.Nxd4 Nf6 5.Nc3 a6 6.g3 e5 7.Nde2 Nbd7 8.Bg2 
b5 9.Nd5 Nxd5 10.Qxd5 Qc7 11.Nc3 Bb7 12.Qd3 Rc8 13.a3 Be7 14.O-O O-O 15.
Be3 Qc4 16.Rfd1 Nf6 17.f3 Qxd3 18.Rxd3 Rc4 19.Bh3 h6 20.Rad1 Bc8 21.Bf1 
Rc7 22.Bb6 Rc6 23.Ba5 Be6 24.Bb4 Ne8 25.f4 f6 26.f5 Bc4 27.R3d2 Bd8 28.
Bxd6 Bb6+ 29.Kg2 Rf7 30.Bxc4 Rxc4 31.Kf3 Rd7 32.Bb4 Rxd2 33.Rxd2 Bd4 34.
Nd1 h5 35.c3 Bb6 36.Be7 Kf7 37.Bd8 Bxd8 38.Rxd8 Ke7 39.Ra8 Nd6 40.Ra7+ Kf8
41.b3 Rc6 42.Ke3 Rb6 43.Kd3 Nb7 44.b4 Nd6 45.Ne3 Rc6 46.h4 Nc8 47.Ra8 Kg8 
48.c4 bxc4+ 49.Nxc4 Kh7 50.Rb8 g6 51.fxg6+ Kxg6 52.a4 Nd6 53.Ne3 Kf7 54.a5
Nb5 55.Rb7+ Ke6 56.Nf5 Rc7 57.Rxc7 Nxc7 58.Ng7+ Kf7 59.Nxh5 Kg6 60.g4 1-0

[Event "European zonal 2 group A"]
[Site "Luzern SUI"]
[Date "1979.05.31"]
[Round "11"]
[White "Petursson, Margeir"]
[Black "Hammer, Peter"]
[Result "0-1"]
[WhiteElo "2350"]
[BlackElo "2350"]
[EventDate "1979.05.21"]
[WhiteFideId "-1"]
[BlackFideId "-1"]
[PlyCount "46"]
[Beauty "8247029270583"]
[GameId "272191928378"]
[EventType "tourn"]
[EventRounds "11"]
[EventCountry "SUI"]
[EventCategory "8"]
[SourceTitle "EXT 1999"]
[Source "ChessBase"]
[SourceDate "1998.11.16"]
[SourceVersion "1"]
[SourceVersionDate "1998.11.16"]
[SourceQuality "1"]

1.c4 Nf6 2.Nc3 e5 3.g3 d5 4.cxd5 Nxd5 5.Bg2 Be6 6.Nf3 Nc6 7.O-O Be7 8.d4 
exd4 9.Nb5 Qd7 10.Nbxd4 Nxd4 11.Nxd4 Bh3 12.Bxh3 Qxh3 13.Qb3 O-O-O 14.Nb5 
Bc5 15.Bg5 f6 16.Rac1 Bb6 17.Bd2 Rhe8 18.Ba5 Re5 19.Bxb6 Rh5 20.Nxa7+ Kb8 
21.Bxc7+ Nxc7 22.Nc6+ Ka8 23.Qa4+ Na6 0-1

[Event "European zonal 2 group B"]
[Site "Luzern SUI"]
[Date "1979.05.20"]
[Round "1"]
[White "Karlsson, Lars"]
[Black "Helmers, Knut"]
[Result "1-0"]
[WhiteElo "2360"]
[BlackElo "2345"]
[EventDate "1979.05.20"]
[WhiteFideId "-1"]
[BlackFideId "-1"]
[PlyCount "65"]
[Beauty "8178557262345"]
[GameId "272191928154"]
[EventType "tourn"]
[EventRounds "11"]
[EventCountry "SUI"]
[EventCategory "7"]
[SourceTitle "EXT 1999"]
[Source "ChessBase"]
[SourceDate "1998.11.16"]
[SourceVersion "1"]
[SourceVersionDate "1998.11.16"]
[SourceQuality "1"]

1.Nf3 Nf6 2.c4 b6 3.g3 Bb7 4.Bg2 e6 5.b3 Be7 6.Bb2 O-O 7.O-O c5 8.d3 d5 9.
e3 Nc6 10.Qe2 dxc4 11.bxc4 Qc7 12.Nc3 a6 13.Rab1 Na5 14.Ba1 Nd7 15.Nd2 
Bxg2 16.Kxg2 Rab8 17.Kg1 Rfd8 18.f4 Nf6 19.Nce4 Nxe4 20.Nxe4 f5 21.Be5 Qd7
22.Nf2 Rb7 23.Bc3 Nc6 24.Rfd1 b5 25.d4 bxc4 26.Rxb7 Qxb7 27.Qxc4 Kf7 28.d5
exd5 29.Rxd5 Rxd5 30.Qxd5+ Kg6 31.Qe6+ Bf6 32.Qe8+ Kh6 33.g4 1-0

[Event "European zonal 2 group B"]
[Site "Luzern SUI"]
[Date "1979.05.21"]
[Round "2"]
[White "Dueckstein, Andreas"]
[Black "Karlsson, Lars"]
[Result "0-1"]
[WhiteElo "2425"]
[BlackElo "2360"]
[EventDate "1979.05.20"]
[WhiteFideId "-1"]
[BlackFideId "-1"]
[PlyCount "96"]
[Beauty "7080522038312"]
[GameId "272191928157"]
[EventType "tourn"]
[EventRounds "11"]
[EventCountry "SUI"]
[EventCategory "7"]
[SourceTitle "EXT 1999"]
[Source "ChessBase"]
[SourceDate "1998.11.16"]
[SourceVersion "1"]
[SourceVersionDate "1998.11.16"]
[SourceQuality "1"]

1.e4 c5 2.Nf3 g6 3.d4 cxd4 4.Nxd4 Bg7 5.Nc3 Nc6 6.Be3 Nf6 7.Nxc6 bxc6 8.e5
Nd5 9.Nxd5 cxd5 10.Qxd5 Rb8 11.Bc4 e6 12.Qc5 Bb7 13.O-O Rc8 14.Qb4 Bxe5 
15.Rad1 Bxh2+ 16.Kxh2 Qh4+ 17.Kg1 Qe4 18.f3 Qxe3+ 19.Rf2 Qb6 20.Qc3 O-O 
21.Rxd7 Bd5 22.b3 Rc6 23.a3 a5 24.g3 Qc5 25.a4 Bxc4 26.bxc4 Rb6 27.Kg2 Rb4
28.Rd4 Rxa4 29.Rfd2 Ra3 30.Qb2 Qb4 31.Qxb4 axb4 32.c5 Rc8 33.Rxb4 Rxc5 34.
Re4 Rac3 35.Ree2 h5 36.Rf2 Kg7 37.Kf1 Rg5 38.Kg2 h4 39.g4 Rgc5 40.Kh3 g5 
41.Kg2 Kg6 42.Rfe2 R5c4 43.Kf2 Kg7 44.Kg2 Rf4 45.Rd3 Rxd3 46.cxd3 Rd4 47.
Re3 Kf6 48.Kf2 Rd5 0-1

[Event "European zonal 2 group B"]
[Site "Luzern SUI"]
[Date "1979.05.21"]
[Round "2"]
[White "Pachman, Ludek"]
[Black "Gruenfeld, Yehuda"]
[Result "1-0"]
[WhiteElo "2515"]
[BlackElo "2330"]
[EventDate "1979.05.20"]
[WhiteFideId "-1"]
[BlackFideId "-1"]
[PlyCount "67"]
[Beauty "8109435127823"]
[GameId "270424031392"]
[EventType "tourn"]
[EventRounds "11"]
[EventCountry "SUI"]
[EventCategory "7"]
[SourceTitle "EXT 1999"]
[Source "ChessBase"]
[SourceDate "1998.11.16"]
[SourceVersion "1"]
[SourceVersionDate "1998.11.16"]
[SourceQuality "1"]

1.d4 Nf6 2.c4 c5 3.d5 e6 4.Nc3 exd5 5.cxd5 d6 6.e4 g6 7.f4 Bg7 8.Bb5+ Nfd7
9.Bd3 Qh4+ 10.g3 Qe7 11.Nf3 O-O 12.O-O Na6 13.Re1 Nb6 14.Bf1 Bd7 15.h3 c4 
16.Be3 Nb4 17.Bd4 Bxd4+ 18.Nxd4 g5 19.Nf5 Qf6 20.a3 Bxf5 21.axb4 Bd7 22.e5
Qg6 23.Qd2 Rfe8 24.Ne4 dxe5 25.fxg5 Kh8 26.Bg2 h6 27.Nf6 Re7 28.h4 hxg5 
29.hxg5 c3 30.bxc3 Nc4 31.Qc1 Bf5 32.Re4 Bxe4 33.Bxe4 Qg7 34.Kf2 1-0

[Event "European zonal 2 group B"]
[Site "Luzern SUI"]
[Date "1979.05.22"]
[Round "3"]
[White "Gruenfeld, Yehuda"]
[Black "Helmers, Knut"]
[Result "1-0"]
[WhiteElo "2330"]
[BlackElo "2345"]
[EventDate "1979.05.20"]
[WhiteFideId "-1"]
[BlackFideId "-1"]
[PlyCount "71"]
[Beauty "7976828023330"]
[GameId "272191928161"]
[EventType "tourn"]
[EventRounds "11"]
[EventCountry "SUI"]
[EventCategory "7"]
[SourceTitle "EXT 1999"]
[Source "ChessBase"]
[SourceDate "1998.11.16"]
[SourceVersion "1"]
[SourceVersionDate "1998.11.16"]
[SourceQuality "1"]

1.e4 c5 2.Nf3 d6 3.d4 cxd4 4.Nxd4 Nf6 5.Nc3 a6 6.Bg5 e6 7.f4 Qb6 8.Qd2 
Qxb2 9.Rb1 Qa3 10.f5 Nc6 11.Nxc6 bxc6 12.fxe6 fxe6 13.e5 dxe5 14.Bxf6 gxf6
15.Ne4 Qxa2 16.Rd1 Be7 17.Be2 O-O 18.O-O f5 19.Qh6 fxe4 20.Rxf8+ Bxf8 21.
Qg5+ Kh8 22.Bh5 Ra7 23.Qf6+ Kg8 24.Rf1 Bc5+ 25.Kh1 Qd5 26.Bf7+ Rxf7 27.
Qxf7+ Kh8 28.Qf6+ Kg8 29.Qg5+ Kh8 30.h4 Qd6 31.h5 Qe7 32.Qxe5+ Kg8 33.Rf4 
h6 34.Rf6 Bd6 35.Rg6+ Kh7 36.Qxe4 1-0

[Event "European zonal 2 group B"]
[Site "Luzern SUI"]
[Date "1979.05.22"]
[Round "3"]
[White "Hoi, Carsten"]
[Black "Rantanen, Yrjo"]
[Result "1-0"]
[WhiteElo "2340"]
[BlackElo "2420"]
[EventDate "1979.05.20"]
[WhiteFideId "-1"]
[BlackFideId "-1"]
[PlyCount "81"]
[Beauty "7631888458273"]
[GameId "272191928162"]
[EventType "tourn"]
[EventRounds "11"]
[EventCountry "SUI"]
[EventCategory "7"]
[SourceTitle "EXT 1999"]
[Source "ChessBase"]
[SourceDate "1998.11.16"]
[SourceVersion "1"]
[SourceVersionDate "1998.11.16"]
[SourceQuality "1"]

1.d4 Nf6 2.c4 g6 3.Nc3 Bg7 4.e4 d6 5.f3 O-O 6.Be3 a6 7.Bd3 c5 8.d5 Nbd7 9.
Nge2 Ne5 10.O-O Bd7 11.a4 Rb8 12.b3 Nxd3 13.Qxd3 Ne8 14.a5 b6 15.axb6 Rxb6
16.Rab1 e5 17.Kh1 Rb7 18.Ng3 h5 19.f4 exf4 20.Bxf4 Qb8 21.Na2 h4 22.Ne2 f5
23.Bg5 fxe4 24.Rxf8+ Bxf8 25.Qe3 Ng7 26.Nf4 Qe8 27.Nc3 a5 28.Nxe4 Kh8 29.
Bf6 Bf5 30.Ne6 Kg8 31.Ba1 Rf7 32.Bxg7 Bxg7 33.Nxd6 Bxb1 34.Nxe8 Rf1+ 35.
Qg1 Rxg1+ 36.Kxg1 Bd4+ 37.Nxd4 cxd4 38.c5 Kf8 39.Nd6 Ke7 40.Nb7 Bc2 41.Kf2
1-0

[Event "European zonal 2 group B"]
[Site "Luzern SUI"]
[Date "1979.05.22"]
[Round "3"]
[White "Karlsson, Lars"]
[Black "Hug, Werner"]
[Result "0-1"]
[WhiteElo "2360"]
[BlackElo "2460"]
[EventDate "1979.05.20"]
[WhiteFideId "-1"]
[BlackFideId "-1"]
[PlyCount "152"]
[Beauty "5499571408935"]
[GameId "272191928163"]
[EventType "tourn"]
[EventRounds "11"]
[EventCountry "SUI"]
[EventCategory "7"]
[SourceTitle "EXT 1999"]
[Source "ChessBase"]
[SourceDate "1998.11.16"]
[SourceVersion "1"]
[SourceVersionDate "1998.11.16"]
[SourceQuality "1"]

1.c4 g6 2.Nc3 Bg7 3.g3 d6 4.Bg2 Nf6 5.d3 O-O 6.e3 Nc6 7.Nge2 Bd7 8.Rb1 Qc8
9.h3 e5 10.b4 Ne7 11.b5 Be6 12.a4 Rd8 13.Ba3 Bf8 14.e4 c6 15.f4 Nh5 16.Bf3
Ng7 17.g4 exf4 18.Nxf4 d5 19.bxc6 bxc6 20.Bxe7 Bxe7 21.exd5 Bh4+ 22.Kf1 
cxd5 23.Bxd5 Rb8 24.Kg2 Rxb1 25.Nxb1 Qb8 26.Rf1 Bxd5+ 27.cxd5 Bg5 28.Ne2 
Rxd5 29.Nbc3 Rd7 30.d4 h5 31.Qb1 Qd8 32.Qe4 hxg4 33.hxg4 Ne8 34.Qf3 Nf6 
35.Ng3 Re7 36.Nf5 Rc7 37.Rh1 gxf5 38.Qxf5 Be3 39.g5 Bxd4 40.gxf6 Qxf6 41.
Qxf6 Bxf6 42.Nd5 Rc6 43.Nxf6+ Rxf6 44.Rh4 Rf5 45.Rh6 f6 46.Rh4 Kg7 47.Rc4 
Kg6 48.Kg3 Rd5 49.Rc7 Ra5 50.Rc4 Kf5 51.Kf3 Ke5 52.Ke3 Kd6 53.Rf4 Re5+ 54.
Kf3 Ke6 55.Rc4 Kd5 56.Rf4 f5 57.Rb4 a5 58.Rb1 Kc4 59.Kf4 Rc5 60.Rb8 Kc3 
61.Rb5 Kd4 62.Rb1 Rc4 63.Rb5 Rxa4 64.Rxf5 Ra1 65.Rh5 a4 66.Ra5 Kc3 67.Kf3 
Kb4 68.Ra8 Re1 69.Rb8+ Kc3 70.Rc8+ Kb2 71.Rb8+ Ka2 72.Kf2 Rb1 73.Ra8 Rb4 
74.Ke3 Kb2 75.Rh8 a3 76.Rh2+ Kb3 0-1

[Event "European zonal 2 group B"]
[Site "Luzern SUI"]
[Date "1979.05.24"]
[Round "5"]
[White "Karlsson, Lars"]
[Black "Olafsson, Helgi"]
[Result "0-1"]
[WhiteElo "2360"]
[BlackElo "2420"]
[EventDate "1979.05.20"]
[WhiteFideId "-1"]
[BlackFideId "-1"]
[PlyCount "74"]
[Beauty "7839393012823"]
[GameId "272191928172"]
[EventType "tourn"]
[EventRounds "11"]
[EventCountry "SUI"]
[EventCategory "7"]
[SourceTitle "EXT 1999"]
[Source "ChessBase"]
[SourceDate "1998.11.16"]
[SourceVersion "1"]
[SourceVersionDate "1998.11.16"]
[SourceQuality "1"]

1.Nf3 c5 2.g3 Nc6 3.Bg2 g6 4.O-O Bg7 5.e4 d6 6.c3 e5 7.Na3 Nge7 8.Nc2 Qb6 
9.d3 O-O 10.Nd2 Be6 11.Nc4 Qd8 12.Qe2 d5 13.exd5 Nxd5 14.Be3 b6 15.Rad1 
Qc7 16.a4 Rfe8 17.N2a3 Rad8 18.Rfe1 h6 19.Qc2 a6 20.Bc1 Nce7 21.Qe2 Nc6 
22.Qc2 Kh7 23.h3 f5 24.Qb3 Rb8 25.f4 exf4 26.Rxe6 f3 27.Rd6 Nd4 28.cxd4 
Bxd4+ 29.Kh2 Re2 30.Nc2 Rxg2+ 31.Kh1 Qe7 32.Nxd4 cxd4 33.Ne5 Qxe5 34.Bf4 
Nxf4 35.Rd7+ Kh8 36.gxf4 Rh2+ 37.Kg1 Qe3+ 0-1

[Event "European zonal 2 group B"]
[Site "Luzern SUI"]
[Date "1979.05.26"]
[Round "7"]
[White "Gruenfeld, Yehuda"]
[Black "Olafsson, Helgi"]
[Result "1/2-1/2"]
[WhiteElo "2330"]
[BlackElo "2420"]
[EventDate "1979.05.20"]
[WhiteFideId "-1"]
[BlackFideId "-1"]
[PlyCount "31"]
[Beauty "6597606675974"]
[GameId "272191928180"]
[EventType "tourn"]
[EventRounds "11"]
[EventCountry "SUI"]
[EventCategory "7"]
[SourceTitle "EXT 1999"]
[Source "ChessBase"]
[SourceDate "1998.11.16"]
[SourceVersion "1"]
[SourceVersionDate "1998.11.16"]
[SourceQuality "1"]

1.e4 c5 2.Nf3 d6 3.d4 cxd4 4.Nxd4 Nf6 5.Nc3 a6 6.Bg5 e6 7.f4 Be7 8.Qf3 h6 
9.Bh4 Qa5 10.O-O-O Qh5 11.Qg3 g5 12.fxg5 Nh7 13.Be2 Qxh4 14.Qxh4 Bxg5+ 15.
Qxg5 hxg5 16.a3 1/2-1/2